Viajeros y botánicos en Chile durante los siglos XVIII y XIX: 2010. Bicentenario de la Independencia de Chile

Uloženo v:
Podrobná bibliografie
Hlavní autor: Lazo Araya, Waldo (Autor)
Médium: Kniha
Jazyk:španělština
Vydáno: Santiago Universitaria 2011
Vydání:1a. ed
Témata:
Tagy: Přidat tag
Žádné tagy, Buďte první, kdo vytvoří štítek k tomuto záznamu!

MARC

LEADER 00000cam a2200000 a 4500
001 UCG9873
003 CL-VaPUC
008 120412e20110000CL |||||||||||||||||spa|d
020 |a 9789561123328 
082 0 4 |a 581.983  |b LAZ  |2 21 
100 |a Lazo Araya, Waldo  |e author  |9 561601 
245 1 0 |a Viajeros y botánicos en Chile durante los siglos XVIII y XIX: 2010. Bicentenario de la Independencia de Chile 
250 |a 1a. ed 
300 |a 290 p 
942 |c BK 
945 |d 20120412 00:00:00  |a dcastane 
260 |a Santiago  |b Universitaria  |c 2011 
650 0 |a Viajes y expediciones   |9 408124 
650 0 |a Botánica  |9 264202 
583 |a last modification  |c 20140519 12:31:52  |k Rodrigo Vera 
999 |c 347400  |d 347398 
952 |0 0  |1 0  |4 0  |6 581_983000000000000_LAZ_2011  |7 0  |8 A  |9 448706  |a BIBHIS  |b BIBHIS  |d 2019-11-22  |i 4854438  |l 1  |o 581.983 LAZ 2011  |p 4854438  |r 2025-01-20  |s 2022-08-10  |w 2019-11-22  |y BK  |k HIS 
952 |0 0  |1 0  |3 erb  |4 0  |6 581_983000000000000_LAZ_2011  |7 0  |8 A  |9 448707  |a BIBHIS  |b BIBHIS  |i 5075408  |o 581.983 LAZ 2011  |p 5075408  |r 2025-01-20  |w 2019-11-22  |y BK  |z Catalogado en:20140526  |k HIS